South Eastern Kenya University

Library Online Public Access Catalogue


The equation that couldn't be solved : (Record no. 11585)

MARC details
000 -LEADER
fixed length control field 01361cam a22003374a 4500
001 - CONTROL NUMBER
control field 13915715
003 - CONTROL NUMBER IDENTIFIER
control field OSt
005 - DATE AND TIME OF LATEST TRANSACTION
control field 20160229103708.0
008 - FIXED-LENGTH DATA ELEMENTS--GENERAL INFORMATION
fixed length control field 050330s2005 nyua b 001 0deng
010 ## - LIBRARY OF CONGRESS CONTROL NUMBER
LC control number 2005044123
020 ## - INTERNATIONAL STANDARD BOOK NUMBER
International Standard Book Number 0743258207
040 ## - CATALOGING SOURCE
Original cataloging agency SEKU
042 ## - AUTHENTICATION CODE
Authentication code pcc
050 00 - LIBRARY OF CONGRESS CALL NUMBER
Classification number QA 174.2
Item number .L58 2005
100 1# - MAIN ENTRY--PERSONAL NAME
Personal name Livio, Mario,
Dates associated with a name 1945-
245 14 - TITLE STATEMENT
Title The equation that couldn't be solved :
Remainder of title how mathematical genius discovered the language of symmetry /
Statement of responsibility, etc. Mario Livio.
260 ## - PUBLICATION, DISTRIBUTION, ETC. (IMPRINT)
Place of publication, distribution, etc. New York :
Name of publisher, distributor, etc. Simon & Schuster,
Date of publication, distribution, etc. c2005.
300 ## - PHYSICAL DESCRIPTION
Extent x, 353 p. :
Other physical details ill. ;
Dimensions 25 cm.
504 ## - BIBLIOGRAPHY, ETC. NOTE
Bibliography, etc Includes bibliographical references (p. [309-332] and index.
600 10 - SUBJECT ADDED ENTRY--PERSONAL NAME
Personal name Galois, Evariste,
Dates associated with a name 1811-1832.
650 #0 - SUBJECT ADDED ENTRY--TOPICAL TERM
Topical term or geographic name as entry element Group theory
General subdivision History.
650 #0 - SUBJECT ADDED ENTRY--TOPICAL TERM
Topical term or geographic name as entry element Galois theory
General subdivision History.
650 #0 - SUBJECT ADDED ENTRY--TOPICAL TERM
Topical term or geographic name as entry element Symmetric functions
General subdivision History.
650 #0 - SUBJECT ADDED ENTRY--TOPICAL TERM
Topical term or geographic name as entry element Symmetry (Mathematics)
General subdivision History.
650 #0 - SUBJECT ADDED ENTRY--TOPICAL TERM
Topical term or geographic name as entry element Diophantine analysis
General subdivision History.
856 42 - ELECTRONIC LOCATION AND ACCESS
Materials specified Publisher description
Uniform Resource Identifier <a href="http://www.loc.gov/catdir/enhancements/fy0630/2005044123-d.html">http://www.loc.gov/catdir/enhancements/fy0630/2005044123-d.html</a>
856 41 - ELECTRONIC LOCATION AND ACCESS
Materials specified Table of contents only
Uniform Resource Identifier <a href="http://www.loc.gov/catdir/enhancements/fy0630/2005044123-t.html">http://www.loc.gov/catdir/enhancements/fy0630/2005044123-t.html</a>
856 41 - ELECTRONIC LOCATION AND ACCESS
Materials specified Sample text
Uniform Resource Identifier <a href="http://www.loc.gov/catdir/enhancements/fy0640/2005044123-s.html">http://www.loc.gov/catdir/enhancements/fy0640/2005044123-s.html</a>
856 42 - ELECTRONIC LOCATION AND ACCESS
Materials specified Contributor biographical information
Uniform Resource Identifier <a href="http://www.loc.gov/catdir/enhancements/fy1107/2005044123-b.html">http://www.loc.gov/catdir/enhancements/fy1107/2005044123-b.html</a>
942 ## - ADDED ENTRY ELEMENTS (KOHA)
Source of classification or shelving scheme Library of Congress Classification
Koha item type General circulation
Holdings
Withdrawn status Lost status Source of classification or shelving scheme Damaged status Not for loan Home library Current library Shelving location Date acquired Source of acquisition Full call number Barcode Date last seen Price effective from Koha item type Public note
    Library of Congress Classification     SEHSS - Library SEHSS - Library General Stacks 29/02/2016 Donation-books for Africa [EHS] QA 174.2 .L58 2005 2016/010021 29/02/2016 29/02/2016 General circulation A.K.
Kitui, Kenya.
+254736116989
library@seku.ac.ke